Primer Encuentro Nacional sobre Desarrollo Urbano. Cuarto Centenario de Tegucigalpa /

Αποθηκεύτηκε σε:
Λεπτομέρειες βιβλιογραφικής εγγραφής
Συλλογικό Έργο: Universidad Nacional Autónoma de Honduras, ed
Μορφή: Άγνωστο
Έκδοση: Tegucigalpa: Departamento Editorial de la UNAH
Ετικέτες: Προσθήκη ετικέτας
Δεν υπάρχουν, Καταχωρήστε ετικέτα πρώτοι!

MARC

LEADER 00000 a2200000 04500
001 15419
003
008 991231s d
040
090 |a 020609  
110 |a Universidad Nacional Autónoma de Honduras  
245 |a Primer Encuentro Nacional sobre Desarrollo Urbano. Cuarto Centenario de Tegucigalpa /  |c Universidad Nacional Autónoma de Honduras  
260 |a Tegucigalpa:   |b Departamento Editorial de la UNAH  
300 |a 257 p.  
710 |a ed  
999 |c 15824  |d 15824